000 00497nam a22001577a 4500
005 20150512111150.0
008 150512b xxu||||| |||| 00| 0 eng d
040 _cPK-LaUMT
082 _aKHC 954.918
_bBHE-Q
100 _aبھیرومل مہر چند آڈوانی
245 _aقدیم سندھ
_cبھیرومل مہر چند آڈوانی
260 _aسندھ
_bسندھی ادبی بورڈ
_c2007
300 _a360 ص
700 _aمختیار احمد حاجانو(مترجم
942 _cBK
999 _c71023
_d71023